书目信息 |
| 题名: |
足球技巧训练
|
|
| 作者: | 特雷德韦尔 著 ;王跃新 译 | |
| 分册: | ||
| 出版信息: | 北京 人民体育出版社 2001 |
|
| 页数: | 206页 | |
| 开本: | 206cm | |
| 丛书名: | ||
| 单 册: | ||
| 中图分类: | G843.2 | |
| 科图分类: | ||
| 主题词: | 足球运动--运动训练 | |
| 电子资源: | ||
| ISBN: | 7-5009-2148-9 | |
| 000 | 00632nam0 2200205 45 | |
| 001 | 0312011088 | |
| 005 | 20031219104122.2 | |
| 010 | @a7-5009-2148-9@dCNY12.00 | |
| 100 | @a20031201d2001 km y0chiy0120 ea | |
| 101 | 0 | @achi@ceng |
| 105 | @aa z 000yy | |
| 200 | 1 | @a足球技巧训练@AZu Qiu Ji Qiao Xun Lian@f(英)彼德·特雷德韦尔著@F(Ying)Bi De·Te Lei De Wei Er Zhu@g王跃新译 |
| 210 | @a北京@c人民体育出版社@d2001 | |
| 215 | @a206页@d206cm | |
| 606 | 0 | @a足球运动@x运动训练 |
| 690 | @aG843.2@v4 | |
| 701 | 0 | @a特雷德韦尔@4著 |
| 702 | 0 | @a王跃新@AWang Yue Xin@4译 |
| 801 | @aCN@bTSTC@c20031201 | |
| 905 | @b329134-136@dG843.2@e132@f3 | |
| 足球技巧训练/(英)彼德·特雷德韦尔著/王跃新译.-北京:人民体育出版社,2001 |
| 206页;206cm |
| ISBN 7-5009-2148-9:CNY12.00 |
| ● |
| 相关链接 |
|
|
|
|
正题名:足球技巧训练
索取号:G843.2/132
 
预约/预借
| 序号 | 登录号 | 条形码 | 馆藏地/架位号 | 状态 | 备注 |
| 1 | 0329134 | 203291348 | 第四借阅区/ [索取号:G843.2/132] | 在馆 | |
| 2 | 0329135 | 203291357 | 第四借阅区/ [索取号:G843.2/132] | 在馆 | |
| 3 | 0329136 | 203291366 | 第一样本阅览室/ [索取号:G843.2/132] | 在馆 |